00384nam a2200145Ia 4500008004100000020001800041041000800059082001500067100002100082245007500103250000600178260003300184300001200217650000900229210716s2009 xx 000 0 und d a9788174467348 aeng a658.7 KACU aKachru, Upendra. aExploring the supply chain: theory and practice.bTheory and practice. a1 aNew DelhibExcel Booksc2009 axii,728 aNone